'J' and 'K' Holiday Quiz Stats

 Plays Quiz not verified by Sporcle

Score 0/11 Timer 04:00
0 Plays Today
Hint Answer % Correct
Central figure of Christianity, whose birthday is celebrated on 25th DecemberJesus
90.4%
Betrothed to Mary in the Christmas storyJoseph
88.9%
Yom _____; Jewish Day of AtonementKippur
87.3%
Hollowed and carved pumpkin or turnip with a light source placed inside, associated with Hallowe'enJack o'lantern
87.2%
African-American celebration held December 26 to January 1Kwanzaa
79.5%
Personification of ice, sleet, freezing weather etc.; nips at people's noses in the Christmas SongJack Frost
76.7%
Country that holds a Coming of Age Day on the second Monday of January, for all those who have turned 20 during the yearJapan
70%
Asian country, beloved of Sporcle, which holds a Knowledge Day on 1st SeptemberKyrgyzstan
57.5%
'_______ Noël'; French for 'Merry Christmas'Joyeux
56%
Name given in the US to the Christkind (Christ-child as a gift-bringer) or Santa ClausKris Kringle
51.4%
Beast-like folkloric creature who accompanies St Nicholas in Alpine countries and is said to punish bad childrenKrampus
44.8%

You're not logged in!

Compare scores with friends on all Sporcle quizzes.
OR
Log In

Show Comments

Extras

Top Quizzes Today


Score Distribution

Your Account Isn't Verified!

In order to create a playlist on Sporcle, you need to verify the email address you used during registration. Go to your Sporcle Settings to finish the process.

Report this User

Report this user for behavior that violates our Community Guidelines.

Details: